| 000 | 00629 a2200169 4500 | ||
|---|---|---|---|
| 999 |
_c5608 _d5608 |
||
| 020 | _a0582430291 | ||
| 050 | 0 | 0 | _aQA135.5WIL 1994 |
| 100 | 1 |
_aWilliams, Elizabeth M. _eauthor |
|
| 245 | 1 | 0 |
_aPrimary mathematics today: _btowards 21st century / _cby Elizabeth Williams and Hilary Shuard; illustrated by Kay Young. |
| 250 | _a4th edition | ||
| 264 |
_aLondon: _bLongman group limited., _c1994 |
||
| 300 |
_ax, 462 p., 8 plates. _billus. (some col.), maps (some col.) |
||
| 500 | _alncludes index | ||
| 650 | 0 |
_aMathematics _xStudy and teaching (Primary) |
|
| 700 | 1 |
_aShuard, Hilary, _ejoint author. |
|
| 942 |
_2lcc _cBK _h135.5 _iWIL _kQA |
||